000 01117cam a22002893i 4500
001 14909
003 BD-RjUL
005 20211208235720.0
008 140208s1944 ncu sb 001|0 eng d
035 _a(VaAlASP)ASPS100020302/soth
_a(BD-RjUL)14963
040 _aLPU
_cLPU
_dEL$
_dYUS
_dVaAlASP
_dBD-RjUL
_beng
041 _aeng
082 _a301
_bMAS 1944
100 1 _aMalinowski, Bronislaw,
_d1884-1942.
_95789
245 1 2 _aA scientific theory of culture, and other essays /
_cBronislaw Malinowski ; with a preface by Huntington Cairns.
260 _aChapel Hill :
_bUniversity of North Carolina Press,
_cc1944 [printing 1964, 1966, 1973]
300 _aix, 228 p. ;
_c21 cm.
504 _aIncludes bibliographical references and index.
505 0 _aA scientific theory of culture -- The functional theory -- Sir James George Frazer.
506 _aAccess limited to subscribers
600 1 0 _aFrazer, James George,
_cSir,
_d1854-1941.
_9219130
650 0 _aAnthropology.
_946416
650 0 _aCulture.
_946417
710 2 _aAlexander Street Press
_98886
830 0 _aSocial theory.
_9219131
942 _2ddc
_cBK
999 _c14909
_d14909